Historiadores de sucesos particulares
Saved in:
| Main Authors: | , , , , , , |
|---|---|
| Andre forfattere: | |
| Format: | Bog |
| Sprog: | spansk |
| Udgivet: |
Madrid
M. Rivadeneyra
1876
|
| Udgivelse: | 1a. ed |
| Serier: | Biblioteca de Autores Españoles, XXI, XXVIII
|
| Fag: | |
| Tags: |
Tilføj Tag
Ingen Tags, Vær først til at tagge denne postø!
|
MARC
| LEADER | 00000nam a2200000 a 4500 | ||
|---|---|---|---|
| 001 | UCJ7109 | ||
| 003 | CL-VaPUC | ||
| 008 | 070124e18760000SP |||||||||||||||||spa|d | ||
| 082 | 0 | 4 | |a 860 |b ROS |2 21 |
| 100 | 0 | |a Rosell, Cayetano |e author |9 515041 | |
| 700 | 0 | |a Coloma, Carlos |e author |9 515042 | |
| 700 | 0 | |a Solís, Antonio de |e author |9 515043 | |
| 700 | 0 | |a Mendoza, Bernardino de |e author |9 515044 | |
| 700 | 0 | |a Moncada, Francisco de |e author |9 515045 | |
| 700 | |a Mármol Carvajal, Luis del |e autor |9 515046 | ||
| 700 | 0 | |a Avila y Zúñiga, Luis de |e author |9 515047 | |
| 700 | 0 | |a Mejía, Pero |e author |9 515048 | |
| 245 | 1 | 0 | |a Historiadores de sucesos particulares |
| 246 | 1 | 0 | |a Comentario de la Guerra de Alemania hecha por Carlos V |
| 246 | 1 | 0 | |a Historia de los movimientos, separación y guerra de Cataluña, en tiempo de Felipe IV |
| 246 | 1 | 0 | |a Rebelión y castigo de los moriscos del reino de Granada |
| 246 | 1 | 0 | |a Guerra de Granada |
| 246 | 1 | 0 | |a Comunidades de Castilla |
| 250 | |a 1a. ed | ||
| 300 | |a 2 v | ||
| 942 | |c BK | ||
| 945 | |d 20070124 00:00:00 |a rinostro | ||
| 260 | |a Madrid |b M. Rivadeneyra |c 1876 | ||
| 500 | |a 8§, pasta española | ||
| 600 | 0 | 7 | |a CARLOS V, EMPERADOR DE ALEMANIA |2 CL-VaPUC |9 316041 |
| 600 | 0 | 7 | |a FELIPE IV, DE ESPAÑA |2 CL-VaPUC |9 515049 |
| 650 | 7 | |a MONARCAS ESPAÑOLES |2 CL-VaPUC |9 513909 | |
| 650 | 7 | |a GUERRAS CIVILES |2 CL-VaPUC |9 361938 | |
| 651 | 7 | |a CASTILLA |2 CL-VaPUC |9 318548 | |
| 651 | 7 | |a GRANADA |2 CL-VaPUC |9 354374 | |
| 583 | |a last modification |c 20070124 00:00:00 |k Rodrigo Vera | ||
| 490 | 0 | |a Biblioteca de Autores Españoles, XXI, XXVIII | |
| 999 | |c 323209 |d 323207 | ||
| 952 | |0 0 |1 0 |4 0 |6 860_000000000000000_ROS_1876 |7 0 |8 X |9 402610 |a FDOBUD |b FDOBUD |d 2019-11-22 |h v.1 |i 1058606 |o 860 ROS 1876 |p 1058606 |r 2019-11-22 |w 2019-11-22 |y BK_X |k BUD | ||
| 952 | |0 0 |1 0 |4 0 |6 860_000000000000000_ROS_1876 |7 0 |8 X |9 402611 |a FDOBUD |b FDOBUD |d 2019-11-22 |h v.2 |i 1058649 |o 860 ROS 1876 |p 1058649 |r 2019-11-22 |w 2019-11-22 |y BK_X |k BUD | ||